000 00995cam a22002411i 4500
003 SA-RiAUC
005 20250917114740.0
008 250915s2005 xx g 000 0dara c
040 _aSA-JeALM
_bara
_cSA-RiAUC.
_erda
082 0 4 _a237.3
_qSA-RiAUC
090 _a237.3
_bم م د
100 1 _aممدوح، محمود سعيد محمد
_eمؤلف.
245 1 0 _aوصول التهاني بإثبات سنية السجة والرد على الألباني /
_cتأليف محمود سعيد ممدوح.
264 1 _aالقاهرة :
_bدار الإمام الترميذي،
_c1995
300 _aصفحة ؛
_c24 سم
336 _aنص
_btxt
_2rdacontent
_3كتاب
337 _aبدون وسيط
_bn
_2rdamedia
338 _aمجلد
_bnc
_2rdacarrier
600 1 7 _aالألباني، محمد ناصر الدين،
_d1914-1999
_xآراء حول التسبيح
_2aucnm
650 7 _aالتسبيح (إسلام)
_2aucsh
942 _2ddc
_cBOOK
_n0
949 _aSA-JeALM
_d250915
_umohamedma123
_n1
999 _c11837
_d11837